Education in human value (EHV): the vital missing link in the modern education system (Record no. 501964)

000 -LEADER
fixed length control field 00585cam a22001457a 4500
008 - FIXED-LENGTH DATA ELEMENTS--GENERAL INFORMATION
fixed length control field 180718b2010 xxu||||| |||| 00| 0 eng d
082 ## - DEWEY DECIMAL CLASSIFICATION NUMBER
Classification number APPPA 2009-10/SIN
100 ## - MAIN ENTRY--PERSONAL NAME
Personal name Manocha, Raj Kumar
245 ## - TITLE STATEMENT
Title Education in human value (EHV): the vital missing link in the modern education system
Statement of responsibility, etc. by Raj Kumar Manocha
260 ## - PUBLICATION, DISTRIBUTION, ETC.
Place of publication, distribution, etc. New Delhi
Name of publisher, distributor, etc. Indian Institute of Public Administration
Date of publication, distribution, etc. 2010
300 ## - PHYSICAL DESCRIPTION
Extent 144p.
500 ## - GENERAL NOTE
General note An APPPA M.Phil dissertation, 2009-10 (Guide: Prof. Pranab Banerji)
650 ## - SUBJECT ADDED ENTRY--TOPICAL TERM
Topical term or geographic name entry element Education --Moral and ethical aspects --India
650 ## - SUBJECT ADDED ENTRY--TOPICAL TERM
Topical term or geographic name entry element Moral education --India
Holdings
Withdrawn status Lost status Damaged status Not for loan Permanent Location Current Location Date acquired Total Checkouts Full call number Barcode Date last seen Date last checked out Price effective from Koha item type
        Indian Institute of Public Administration Indian Institute of Public Administration 2018-08-04 1 APPPA 2009-10/SIN GR18509 2021-03-26 2020-08-04 2018-08-04 GR

Powered by Koha